000 00278nam a2200109Ia 4500
008 220204s9999 xx 000 0 und d
082 _a338.43.01
_bSTA
245 0 _aGrowing out of poverty
260 _aOxford
_bOxford University
_c1977
700 _aSTAMP, Elizabeth
942 _cBK
999 _c32012
_d32012